| 000 | 00601nam a2200241 a 4500 | ||
|---|---|---|---|
| 001 | nice12345678 | ||
| 003 | IN_TiNIC | ||
| 005 | 20260116011407.0 | ||
| 008 | 050524s1960 alia grp 000 0 urd | ||
| 020 |
_a _c100 |
||
| 082 | 0 | 0 |
_a297.8 _bABD1 |
| 100 | _aAbdul Aleem, | ||
| 245 | _aKitab Maarifatul Mazahib; Tasees-E-Aligarh | ||
| 260 |
_aAligarh _bMuslim University _c1960 |
||
| 300 | _a13p | ||
| 500 | _aincludes index and biblioraphy | ||
| 505 | 2 | _alight of islam series no.4 | |
| 650 | _aIslam-Sects | ||
| 700 | 1 | _aAbdul Aleem, | |
| 902 | _bSRS | ||
| 942 | _cBK | ||
| 999 |
_c1126 _d1126 |
||